[Event "GADIJ"]
[Site "SchemingMind.com"]
[Date "2024.09.02"]
[Round "-"]
[White "Rubiel_Labarta"]
[Black "Robert Bruce"]
[Result "*"]
[WhiteCountry "CUB"]
[BlackCountry "SCO"]
[WhiteElo "2488"]
[WhiteRD "138"]
[BlackElo "2363"]
[BlackRD "72"]
[GameID "747067"]

1. e4 e5 2. Nf3 Nc6 3. Bb5 a6 4. Ba4 Nf6 5. O-O Be7 6. Re1 b5 7. Bb3 d6 8. c3 O-O 9. h3 Na5 10. Bc2 Nd7
11. b4 Nc4 12. a4 bxa4 13. Bxa4 Ncb6 14. Bc6 Ra7 15. d4 Nb8 16. Bd5 exd4 17. Nxd4 c5 18. bxc5 dxc5 19. Nf3 Bf6 20. Bf4 Nxd5
21. exd5 Bb7 22. Ra2 Qxd5 23. Rd2 Qc6
*

[Event "GADIJ"]
[Site "SchemingMind.com"]
[Date "2024.09.01"]
[Round "-"]
[White "William Lindberg"]
[Black "JAHI"]
[Result "1-0"]
[WhiteCountry "USA"]
[BlackCountry "INT"]
[WhiteElo "2362"]
[WhiteRD "72"]
[BlackElo "2199"]
[BlackRD "87"]
[GameID "747068"]

1. e4 c6 2. Nf3 c5 3. c3 a6 4. d4 d6 5. Bd3 Nc6 6. d5 Ne5 7. Nxe5 dxe5 8. Nd2 Qc7 9. a4 e6 10. Nc4 exd5
11. exd5 Bd6 12. O-O Nf6 13. Bg5 Bg4 14. Qe1 Kf8 15. f4 e4 16. Bxf6 gxf6 17. Bxe4 Re8 18. Qh4 Be2 19. Qh6+ Ke7 20. Nxd6 Qxd6
21. Rfe1 f5 22. Qg5+ Kf8 23. Qxf5 Bc4 24. Bc2 Rd8 25. Rad1 Rg8 26. b3 Bxd5 27. g3 Qg6 28. Re5 Kg7 29. Rexd5 Rxd5 30. Qxd5 Qf6
31. Qe4 Rh8 32. Rd5 h6 33. Rxc5 Qe6 34. Qxe6 fxe6 35. Rc7+ Kf6 36. Rxb7 Rc8 37. c4 Rd8 38. Rb6 Rd2 39. Be4 Rd1+ 40. Kg2 Ke7
41. Rxa6 Rd4 42. Kf3 Rd2 43. Ra7+ Kf6 44. c5 Rb2 45. Rb7 Rd2 46. c6 Rd1 47. a5 Rd8 48. a6 e5 49. a7 Ra8 50. Rh7 Rg8
51. c7 exf4 52. a8=Q Rxa8 53. Bxa8 fxg3 54. Kf4 Kg6 55. Be4+ Kh5 56. c8=Q g2 57. Qh3#
1-0

[Event "GADIJ"]
[Site "SchemingMind.com"]
[Date "2024.09.01"]
[Round "-"]
[White "JAHI"]
[Black "William Lindberg"]
[Result "*"]
[WhiteCountry "INT"]
[BlackCountry "USA"]
[WhiteElo "2199"]
[WhiteRD "87"]
[BlackElo "2362"]
[BlackRD "72"]
[GameID "747069"]

1. d3 d5 2. g3 e5 3. Bh3 Bxh3 4. Nxh3 Nc6 5. Kf1 Qd7 6. Kg2 O-O-O 7. c3 h5 8. Qa4 h4 9. Na3 d4 10. Nc2 Re8
11. a3 Nge7 12. Nb4 a5 13. Nxc6 Nxc6 14. Bd2 e4 15. dxe4 Rxe4 16. Rae1 Bc5 17. f3 Re7 18. Qb5 Bb6 19. cxd4 Nxd4 20. Qxd7+ Rxd7
21. Bc1 hxg3 22. hxg3 Nb3 23. Bf4 f6 24. g4 g5 25. Bg3 Rd2 26. f4 Rg8 27. Bf2 Bd4 28. Bxd4 Nxd4 29. Rd1 Rxe2+ 30. Kf1 Re4
31. Re1 Rxe1+ 32. Kxe1 gxf4 33. Nxf4 Rxg4 34. Nd5 Rg2 35. Rh7 c6 36. Nb6+ Kb8 37. Nc4 b5 38. Nxa5 Rxb2 39. Nb7 Rb3 40. Rf7 Rxa3
41. Nc5 Rc3 42. Nd7+ Kc7 43. Kd2 b4 44. Nxf6+ Kb6 45. Rf8 Rh3 46. Nd7+ Kb5 47. Rb8+ Kc4 48. Ne5+ Kb3 49. Rf8 Rh5 50. Nd3 c5
51. Rc8 Rh2+ 52. Ke3 Nc2+ 53. Kf4 c4 54. Nc5+ Ka2 55. Na4 Rh3 56. Ra8 Ra3 57. Ke4 Ka1 58. Ra7 b3 59. Kf4 c3
*

[Event "GADIJ"]
[Site "SchemingMind.com"]
[Date "2024.09.01"]
[Round "-"]
[White "William Lindberg"]
[Black "eliecercruzr"]
[Result "*"]
[WhiteCountry "USA"]
[BlackCountry "CUB"]
[WhiteElo "2362"]
[WhiteRD "72"]
[BlackElo "2435"]
[BlackRD "59"]
[GameID "747070"]

1. e4 e5 2. Nf3 Nc6 3. Bb5 Nf6 4. O-O Nxe4 5. d4 Nd6 6. Bxc6 dxc6 7. dxe5 Nf5 8. Qxd8+ Kxd8 9. Rd1+ Ke8 10. Nc3 h6
11. h3 Be6 12. b3 a5 13. Bb2 Be7 14. g3 h5 15. Ne4 a4 16. c4 a3 17. Bc3 b5 18. Nfg5 Bc8 19. c5 Bxg5 20. Nxg5 Be6
21. Rd3 Ne7 22. Nxe6 fxe6 23. Kg2 Nd5 24. Bd2 Kd7 25. b4 Ke8 26. Re1 Rf8 27. Re4 g6 28. g4 Kd7 29. Red4 Ra4 30. Rb3 hxg4
31. Rxg4 Ne7 32. Rgg3 Rf5 33. f4 Rh5 34. Rbd3+ Kc8 35. Rxa3 Rxa3 36. Rxa3 Kb7 37. Be1 g5 38. fxg5 Rxg5+ 39. Bg3 Nf5 40. Rd3 Kc8
41. a3 Rg7 42. Kh2 Rh7 43. Bf4 Rg7 44. Bc1 Rg6 45. Rf3 Kd7 46. Rf4 Ke7 47. Rg4 Kf7 48. Kg2 Rxg4+ 49. hxg4 Ne7 50. Bf4 Nd5
*

[Event "GADIJ"]
[Site "SchemingMind.com"]
[Date "2024.09.02"]
[Round "-"]
[White "eliecercruzr"]
[Black "William Lindberg"]
[Result "1/2-1/2"]
[WhiteCountry "CUB"]
[BlackCountry "USA"]
[WhiteElo "2435"]
[WhiteRD "59"]
[BlackElo "2362"]
[BlackRD "72"]
[GameID "747071"]

1. c4 Nf6 2. d4 e6 3. Nf3 d5 4. Nc3 Bb4 5. Bg5 O-O 6. e3 c5 7. cxd5 exd5 8. dxc5 Bxc3+ 9. bxc3 Be6 10. Qd4 Nbd7
11. Bb5 Qc7 12. O-O Rfc8 13. Rfb1 Ne4 14. c4 Ndf6 15. Bxf6 Nxf6 16. cxd5 Bxd5 17. Rc1 Qe7 18. Qe5 Qf8 19. c6 bxc6 20. Bc4 Rd8
21. Bxd5 Rxd5 22. Qc7 c5 23. Rc4 Nd7 24. Rac1 Nb6 25. R4c2 c4 26. h3 Qd8 27. Qxd8+ Raxd8 28. Kf1 g6 29. Ke2 Ra5 30. Nd2 Kg7
31. g4 Rd6 32. Kf3 Rf6+ 33. Kg2 h6 34. Ne4 Rc6 35. h4 Rd5 36. Nc3 Rd3 37. Ne4 Rd5 38. Ng3 Re6 39. h5 Rg5 40. Kh3 Rd5
41. Ne2 Rc6 42. hxg6 fxg6 43. Nc3 Rd3 44. Ne4 Rd7 45. Kg3 Rdc7 46. Nc3 Rd7=
1/2-1/2

[Event "GADIJ"]
[Site "SchemingMind.com"]
[Date "2024.09.02"]
[Round "-"]
[White "William Lindberg"]
[Black "sebibutu"]
[Result "*"]
[WhiteCountry "USA"]
[BlackCountry "ROU"]
[WhiteElo "2362"]
[WhiteRD "72"]
[BlackElo "1804"]
[BlackRD "184"]
[GameID "747072"]

1. c4 e5 2. Nc3 Nf6 3. a3 d5 4. cxd5 Nxd5 5. e4 Nb6 6. Nf3 Bg4 7. Be2 Nc6 8. O-O Bxf3 9. Bxf3 Nd4 10. d3 h5
11. Be3 c6 12. Rc1 g6 13. Nb1 Qd6 14. Nd2 O-O-O 15. b4 Qe6 16. Bxd4 Rxd4 17. Nb3 Rd6 18. Nc5 Qf6 19. Be2 Kb8 20. Rc3 Be7
21. Qc2 Rc8 22. Rb1 Rd4 23. Nb3 Rdd8 24. Na5
*

[Event "GADIJ"]
[Site "SchemingMind.com"]
[Date "2024.09.01"]
[Round "-"]
[White "sebibutu"]
[Black "William Lindberg"]
[Result "*"]
[WhiteCountry "ROU"]
[BlackCountry "USA"]
[WhiteElo "1804"]
[WhiteRD "184"]
[BlackElo "2362"]
[BlackRD "72"]
[GameID "747073"]

1. e4 e5 2. Nf3 Nc6 3. Bb5 Nf6 4. O-O Nxe4 5. Re1 Nd6 6. Nxe5 Be7 7. Bf1 Nxe5 8. Rxe5 O-O 9. d4 Bf6 10. Re2 b6
11. Re1 Bb7 12. a4 c5 13. d5 Re8 14. Rxe8+ Qxe8 15. c4 Qe7 16. a5 Re8 17. Nc3 Bd4 18. Bd2 a6 19. axb6 Ne4 20. Nxe4 Qxe4
21. Ra3 Qh4 22. Rf3 Bxb2 23. Rh3 Qf6
*

[Event "GADIJ"]
[Site "SchemingMind.com"]
[Date "2024.09.01"]
[Round "-"]
[White "William Lindberg"]
[Black "Rubiel_Labarta"]
[Result "*"]
[WhiteCountry "USA"]
[BlackCountry "CUB"]
[WhiteElo "2362"]
[WhiteRD "72"]
[BlackElo "2488"]
[BlackRD "138"]
[GameID "747074"]

1. e4 e5 2. Nf3 Nc6 3. Bb5 a6 4. Bxc6 dxc6 5. O-O Bg4 6. h3 h5 7. d3 Qf6 8. Nbd2 Ne7 9. Re1 Ng6 10. d4 Nf4
11. dxe5 Qg6 12. Nh4 Bxd1 13. Nxg6 Nxg6 14. Rxd1 O-O-O 15. e6 f6 16. Re1 Re8 17. Nb3 Bb4 18. c3 Bd6 19. Nd4 Rhg8 20. Be3 c5
21. Nf5 Rxe6 22. f3 Ne5 23. Nxd6+ cxd6 24. b3 g5 25. Rad1 Kc7 26. a4 h4 27. Rd5 b6 28. Bd2 Nc6 29. Rd3 b5 30. axb5 axb5
31. Ra1 Re5 32. c4 b4 33. Bc1 f5 34. exf5 Rxf5 35. Bb2 Rf7 36. Kf2 Re8 37. Rad1 Re6 38. Re3 Rxe3 39. Kxe3
*

[Event "GADIJ"]
[Site "SchemingMind.com"]
[Date "2024.09.02"]
[Round "-"]
[White "Rubiel_Labarta"]
[Black "William Lindberg"]
[Result "*"]
[WhiteCountry "CUB"]
[BlackCountry "USA"]
[WhiteElo "2488"]
[WhiteRD "138"]
[BlackElo "2362"]
[BlackRD "72"]
[GameID "747075"]

1. e4 e5 2. Nf3 Nc6 3. Bb5 a6 4. Ba4 Nf6 5. O-O Be7 6. Re1 b5 7. Bb3 O-O 8. c3 d5 9. exd5 Nxd5 10. Nxe5 Nxe5
11. Rxe5 c6 12. d3 Qc7 13. Re1 Bg4 14. Qxg4 Bd6 15. Nd2 Bxh2+ 16. Kf1 Bd6 17. Nf3 Nf6 18. Qf5 Rae8 19. Bh6 Qd7 20. Qg5 Qg4
21. Nd4 Qxg5 22. Bxg5 c5 23. Nf5 Bc7 24. Re7 Rxe7 25. Nxe7+ Kh8 26. Bxf6 gxf6 27. Nf5 a5 28. Re1 a4 29. Bd5 Be5 30. d4 cxd4
31. cxd4 Rd8 32. Bc6 Bxd4 33. Rd1 Bb6 34. Rxd8+ Bxd8 35. Bxb5 a3 36. bxa3 h5 37. a4 Bb6 38. Ne7 Kg7
*

[Event "GADIJ"]
[Site "SchemingMind.com"]
[Date "2024.09.01"]
[Round "-"]
[White "JAHI"]
[Black "eliecercruzr"]
[Result "*"]
[WhiteCountry "INT"]
[BlackCountry "CUB"]
[WhiteElo "2199"]
[WhiteRD "87"]
[BlackElo "2435"]
[BlackRD "59"]
[GameID "747076"]

1. d3 d5 2. g3 e5 3. Bh3 Bxh3 4. Nxh3 Qd7 5. Ng5 Nc6 6. h3 h6 7. Nf3 f5 8. c3 Bd6 9. Na3 Bxa3 10. bxa3 O-O-O
11. Rb1 Nf6 12. Qb3 b6 13. a4 Rhe8 14. Kf1 Kb7 15. Qb5 a6 16. Qb2 g5 17. Nd2 Kc8 18. c4 d4 19. Qc2 e4 20. c5 Qd5
21. Rg1 e3 22. cxb6 exd2 23. Bxd2 Rd7 24. Rc1 Re6 25. bxc7 Rxc7 26. Rg2 Ne8 27. Qb3 Ne7 28. Re1 Nd6 29. h4 g4 30. Qb2 h5
31. Rg1 Rb7 32. Qc2+ Kd7 33. Rc1 Nf7 34. Rb1 Reb6 35. Rxb6 Rxb6 36. a5 Rb5 37. a3 Rb3 38. Bc1 Nd6
*

[Event "GADIJ"]
[Site "SchemingMind.com"]
[Date "2024.09.01"]
[Round "-"]
[White "eliecercruzr"]
[Black "JAHI"]
[Result "*"]
[WhiteCountry "CUB"]
[BlackCountry "INT"]
[WhiteElo "2435"]
[WhiteRD "59"]
[BlackElo "2199"]
[BlackRD "87"]
[GameID "747077"]

1. e4 c6 2. d4 Na6 3. Nc3 b6 4. Nf3 b5 5. Bd3 b4 6. Na4 Nc7 7. O-O Ba6 8. Bxa6 Nxa6 9. a3 bxa3 10. Qe2 Qc8
11. Rxa3 e6 12. Ra1 Be7 13. e5 f6 14. Rd1 f5 15. Ne1 Kf8 16. c4 Bd8 17. d5 Ne7 18. dxe6 dxe6 19. h4 Kf7 20. Nd3 Re8
21. h5 Kf8 22. b4 Kg8 23. Be3 Kh8 24. Qf3 h6 25. Nac5 Nxc5 26. Bxc5 Kh7 27. Nf4 Bc7 28. Bxe7 Bxe5 29. Bd6 Bxa1 30. Rxa1 e5
31. Ng6 e4 32. Qg3 Qd7 33. Kh2 Qf7 34. Ra5 Rad8 35. Bc5 Rd7 36. Nf4 Kg8 37. Qg6 e3 38. Bxe3 Qxg6 39. hxg6
*

[Event "GADIJ"]
[Site "SchemingMind.com"]
[Date "2024.09.02"]
[Round "-"]
[White "JAHI"]
[Black "sebibutu"]
[Result "*"]
[WhiteCountry "INT"]
[BlackCountry "ROU"]
[WhiteElo "2199"]
[WhiteRD "87"]
[BlackElo "1804"]
[BlackRD "184"]
[GameID "747078"]

1. d3 d5 2. g3 e5 3. Bh3 Bxh3 4. Nxh3 Qd7 5. Ng5 Nc6 6. h3 Nf6 7. Kf1 O-O-O 8. Na3 Bxa3 9. bxa3 e4 10. h4 h6
11. Nh3 d4 12. Kg1 Rhe8 13. Qf1 Ne5 14. Bf4 Neg4 15. Re1 Nd5 16. Bd2 e3 17. Bc1 exf2+ 18. Nxf2 Nge3 19. Bxe3 Nxe3 20. Qh3 Nxc2
21. Rc1
*

[Event "GADIJ"]
[Site "SchemingMind.com"]
[Date "2024.09.01"]
[Round "-"]
[White "sebibutu"]
[Black "JAHI"]
[Result "*"]
[WhiteCountry "ROU"]
[BlackCountry "INT"]
[WhiteElo "1804"]
[WhiteRD "184"]
[BlackElo "2199"]
[BlackRD "87"]
[GameID "747079"]

1. e4 c6 2. d4 Na6 3. Nf3 d6 4. h3 Bd7 5. Be2 e6 6. Nc3 d5 7. Bxa6 bxa6 8. O-O Nh6 9. Re1 Be7 10. Ne5 Rf8
11. Na4 Ng8 12. Nc5 Bxc5 13. dxc5 Ne7 14. Qh5 Ng6 15. exd5 cxd5 16. c6 Bc8 17. c4 d4 18. Qxh7 Qh4 19. Qxg7 Qh8 20. Qxh8 Nxh8
21. Ng4 f6
*

[Event "GADIJ"]
[Site "SchemingMind.com"]
[Date "2024.09.01"]
[Round "-"]
[White "JAHI"]
[Black "Rubiel_Labarta"]
[Result "*"]
[WhiteCountry "INT"]
[BlackCountry "CUB"]
[WhiteElo "2199"]
[WhiteRD "87"]
[BlackElo "2488"]
[BlackRD "138"]
[GameID "747080"]

1. d3 d5 2. g3 e5 3. Bh3 Bxh3 4. Nxh3 Nc6 5. Kf1 Qd7 6. Kg2 O-O-O 7. c3 h6 8. Qa4 g5 9. Na3 g4 10. Ng1 d4
11. Nc2 Nf6 12. a3 Nd5 13. Nb4 Nb6 14. Qb3 f5 15. h3 h5 16. hxg4 fxg4 17. Nxc6 Qxc6+ 18. f3 Bh6 19. Bxh6 Qxh6 20. c4 Kb8
21. Rf1 Qg6 22. Kf2 Qg5 23. Ke1 Qc1+ 24. Kf2 Qe3+ 25. Ke1 e4 26. Kd1 Nd7 27. Qc2 Ne5 28. Qd2 exf3 29. exf3 Nxd3 30. Rh2 Ne5
31. Qxe3 dxe3+
*

[Event "GADIJ"]
[Site "SchemingMind.com"]
[Date "2024.09.01"]
[Round "-"]
[White "Rubiel_Labarta"]
[Black "JAHI"]
[Result "*"]
[WhiteCountry "CUB"]
[BlackCountry "INT"]
[WhiteElo "2488"]
[WhiteRD "138"]
[BlackElo "2199"]
[BlackRD "87"]
[GameID "747081"]

1. e4 c6 2. d4 Na6 3. Nf3 d6 4. Nc3 Nc7 5. h3 d5 6. e5 Bf5 7. Ne2 e6 8. Ng3 h6 9. c3 h5 10. Be2 h4
11. Bg5 Be7 12. Nxf5 exf5 13. Bd2 Ne6 14. O-O g6 15. a4 Kf8 16. b4 Kg7 17. c4 Nh6 18. b5 g5 19. c5 Qd7 20. Kh1 Rab8
21. Rb1 b6 22. Rc1 bxc5 23. dxc5 Rhc8 24. Bb4 cxb5 25. c6 Qe8 26. Bxe7 Qxe7 27. axb5 a6 28. bxa6 Rb2 29. Ng1 Nf4 30. e6 Qa7
31. c7 Nxe6 32. Qxd5
*

[Event "GADIJ"]
[Site "SchemingMind.com"]
[Date "2024.09.02"]
[Round "-"]
[White "eliecercruzr"]
[Black "sebibutu"]
[Result "*"]
[WhiteCountry "CUB"]
[BlackCountry "ROU"]
[WhiteElo "2435"]
[WhiteRD "59"]
[BlackElo "1804"]
[BlackRD "184"]
[GameID "747082"]

1. d4 d5 2. c4 e6 3. Nc3 Nf6 4. Nf3 c5 5. cxd5 cxd4 6. Qxd4 exd5 7. e4 dxe4 8. Qxd8+ Kxd8 9. Ng5 Be6 10. Nxe6+ fxe6
11. Bg5 Nc6 12. Bc4 Ke7 13. Nxe4 Kf7 14. Bxf6 gxf6 15. O-O-O Rd8 16. Rxd8 Nxd8 17. Rd1 Be7 18. Nd6+ Kg6 19. f4 f5 20. Be2 h5
21. Nc4 Bf6 22. Rd6
*

[Event "GADIJ"]
[Site "SchemingMind.com"]
[Date "2024.09.01"]
[Round "-"]
[White "sebibutu"]
[Black "eliecercruzr"]
[Result "*"]
[WhiteCountry "ROU"]
[BlackCountry "CUB"]
[WhiteElo "1804"]
[WhiteRD "184"]
[BlackElo "2435"]
[BlackRD "59"]
[GameID "747083"]

1. e4 c5 2. Nf3 d6 3. d4 cxd4 4. Nxd4 Nf6 5. Nc3 a6 6. f3 e5 7. Nb3 Be6 8. Be3 Be7 9. Qd2 Nbd7 10. g4 O-O
11. O-O-O b5 12. g5 Nh5 13. Kb1 Nb6 14. Na5 Rc8 15. Rg1 Qc7 16. Nd5 Nxd5 17. exd5 Bxd5 18. Qxd5 Qxa5 19. h4 g6 20. c4 Nf4
21. Bxf4 exf4
*

[Event "GADIJ"]
[Site "SchemingMind.com"]
[Date "2024.09.01"]
[Round "-"]
[White "eliecercruzr"]
[Black "Rubiel_Labarta"]
[Result "*"]
[WhiteCountry "CUB"]
[BlackCountry "CUB"]
[WhiteElo "2435"]
[WhiteRD "59"]
[BlackElo "2488"]
[BlackRD "138"]
[GameID "747084"]

1. e4 e5 2. Nf3 Nc6 3. Bc4 Bc5 4. c3 Nf6 5. d4 exd4 6. cxd4 Bb4+ 7. Bd2 Nxe4 8. Bxb4 Nxb4 9. Bxf7+ Kxf7 10. Qb3+ Ke8
11. Qxb4 Qe7 12. Qxe7+ Kxe7 13. O-O Kd8 14. Re1 Nf6 15. Nc3 d6 16. Ng5 Rf8 17. Re3 h6 18. Nge4 Ng8 19. f3 Bd7 20. a4 a5
21. d5 Ne7 22. Nd2 Rf5 23. Rd3 Ra6 24. Nc4 Ng6 25. Ra3 Rf4 26. b3
*

[Event "GADIJ"]
[Site "SchemingMind.com"]
[Date "2024.09.01"]
[Round "-"]
[White "Rubiel_Labarta"]
[Black "eliecercruzr"]
[Result "*"]
[WhiteCountry "CUB"]
[BlackCountry "CUB"]
[WhiteElo "2488"]
[WhiteRD "138"]
[BlackElo "2435"]
[BlackRD "59"]
[GameID "747085"]

1. e4 e5 2. Nf3 Nc6 3. Bb5 Nf6 4. d3 Bc5 5. Bxc6 dxc6 6. O-O Bg4 7. h3 Bh5 8. g4 Nxg4 9. hxg4 Bxg4 10. Be3 Be7
11. Kg2 f5 12. Rh1 Rf8 13. Qg1 fxe4 14. Nxe5 Qd5 15. Nxg4 exd3+ 16. Kf1 dxc2 17. Nc3 Qc4+ 18. Ke1 Qb4 19. Rc1 Qxb2 20. Bd2 Bb4
21. Qf1 Bxc3 22. Qe2+ Kd7 23. Qd3+ Bd4 24. Ne5+ Ke8 25. Nf3 Bf6
*

[Event "GADIJ"]
[Site "SchemingMind.com"]
[Date "2024.09.01"]
[Round "-"]
[White "sebibutu"]
[Black "Rubiel_Labarta"]
[Result "*"]
[WhiteCountry "ROU"]
[BlackCountry "CUB"]
[WhiteElo "1804"]
[WhiteRD "184"]
[BlackElo "2488"]
[BlackRD "138"]
[GameID "747086"]

1. e4 e5 2. Nf3 Nc6 3. Bb5 a6 4. Ba4 Nf6 5. O-O Be7 6. Re1 b5 7. Bb3 O-O 8. c3 d5 9. exd5 Nxd5 10. Nxe5 Nxe5
11. Rxe5 c6 12. Re1 Bd6 13. d3 Bf5 14. Qf3 Qh4 15. g3 Qh3 16. Be3 Bxd3 17. Nd2
*

[Event "GADIJ"]
[Site "SchemingMind.com"]
[Date "2024.09.02"]
[Round "-"]
[White "Rubiel_Labarta"]
[Black "sebibutu"]
[Result "*"]
[WhiteCountry "CUB"]
[BlackCountry "ROU"]
[WhiteElo "2488"]
[WhiteRD "138"]
[BlackElo "1804"]
[BlackRD "184"]
[GameID "747087"]

1. e4 e5 2. Nf3 Nc6 3. Bb5 Nf6 4. d3 Bc5 5. Bxc6 dxc6 6. O-O Nd7 7. Nbd2 O-O 8. Nc4 Re8 9. a4 b6 10. Be3 Bb4
11. Nfd2 f6 12. f4 exf4 13. Bxf4 Bc5+ 14. Be3 b5 15. Nb3 bxc4 16. Nxc5 Nxc5 17. Bxc5
*